000 01415cam a2200313 4500
008 090401t1998 xxu||||| |||| 00| 0 eng d
020 _a0854068988
035 _a(Sirsi) u91823
041 _aeng
050 _a526.9
110 _aFederation International Des Geometres
245 _aXXI International Congress : developing the profession in a developing world (Brighton, 19-25 July 1998). Commission 2 : professional education.
260 _aLondon
_bFIG
_c1998
300 _avii,375p. : ill. ; 21cm.
350 _a0
500 _aAlso held on CD-Rom.
520 _aPapers include The development of future scenarios for the surveying profession and their educational implications./ T. KENNIE - Quality assurance and its applicability for surveying education./ R. HODGKINSON & P. MORGAN - Multimedia : too high a price for construction technology education programmes?/ M. RILEY - CPD design-to-fit./ T. PUTT - Accredited continuing professional development for practising professionals./ B.D. GREENHALGH - GIS and the rural surveying student./ J. SWINDELL
650 _aCOMPUTER ASSISTED LEARNING
650 _aCONFERENCES
650 _aCONTINUING PROFESSIONAL DEVELOPMENT
650 _aCPD
650 _aGEOGRAPHIC INFORMATION
650 _aQUALITY ASSURANCE
650 _aSURVEYING EDUCATION
650 _aSURVEYORS
690 _aLAND SURVEYING
942 _n0
948 _c05/03/1999
999 _c97672
_d97672